| 000 | 01055nam a2200301 a 4500 | ||
|---|---|---|---|
| 005 | 20171114112405.0 | ||
| 008 | 141021s1985 it a||||r|||| 00| 0 spa d | ||
| 020 | _a9290431180 (volumen I) | ||
| 020 | _a9190431199 (volumen II) | ||
| 040 |
_aCO-BoIAVH _cCO-BoIAVH |
||
| 041 | 0 | _aeng | |
| 044 | _ait | ||
| 082 | 0 | 4 |
_a631.5233 _bE47h |
| 100 | 1 |
_aEllis, R. H. _eautor |
|
| 245 | 1 | 0 | _aHandbook of seed technology for genebanks / |
| 260 |
_aRoma (Italia) : _bInternational Board for Plant Genetic Resources, _c1985. |
||
| 300 |
_a2 volúmenes : _bilustraciones ; _c30 x 22 cm. |
||
| 490 | 0 | _aHandbooks for genebanks ; | |
| 505 | 0 | _aVol. 1: Principles and methodology | |
| 505 | 0 | _aVol. 2: Compendium of specific germination information and test recommendations | |
| 650 | 2 | 6 | _aConservación de la diversidad biológica |
| 650 | 2 | 6 | _aRecursos genéticos |
| 650 | 2 | 6 | _aSemillas |
| 650 | 2 | 6 | _aBanco de genes |
| 700 | 1 |
_aHong, T.D. _eautor |
|
| 700 | 1 |
_aRoberts, E.H. _eautor |
|
| 942 |
_cLIBRO _2ddc |
||
| 999 |
_c476 _d476 |
||